Lālāʼī /

Saved in:
நூற்பட்டியல் விவரங்கள்
தலைமை எழுத்தாளர்: Riz̤āʼī, Raḥmat Allāh.
மற்ற எழுத்தாளர்கள்: Ramaz̤ānzādah, Samīyah.
வடிவம்: புத்தகம்
மொழி:Persian
வெளியீடப்பட்டது: [Mashhad] : Sitārahʹhā, 1386 [2007 or 2008]
பதிப்பு:Chāp-i 2.
பகுதிகள்:
குறியீடுகள்: குறிச்சொல் இணை
குறியீடுகள் இல்லை, இந்த குறிச்சொல்லை முதலில் பதிவு செய்யுங்கள்!
LEADER 00704nam a22002175a 4500
001 011596320-0
005 20090417053357.0
008 081027s2007 ir a j |000|0|per|d
020 |a 9642546000 
035 0 |a ocn421227270 
100 1 |a Riz̤āʼī, Raḥmat Allāh. 
245 1 0 |a Lālāʼī /  |c shāʻir, Raḥmat Allāh Riz̤āʼī ; taṣvīrgar, Samīyah Ramaz̤ānzādah. 
250 |a Chāp-i 2. 
260 |a [Mashhad] :  |b Sitārahʹhā,  |c 1386 [2007 or 2008] 
300 |a 16 p. :  |b col. ill. ;  |c 22 cm. 
650 0 |a Iran-Iraq War, 1980-1988  |v Juvenile poetry. 
650 0 |a Children's poetry, Persian. 
700 1 |a Ramaz̤ānzādah, Samīyah. 
752 |a Iran  |d Mashhad. 
988 |a 20081027 
906 |0 MH